زينة الأداء : (رقم التسجيلة. 11948)

تفاصيل مارك
000 -الفاتح
عناصر البيانات ثابتة الطول 01052cam a2200205 i 4500
005 - تاريخ ووقت آخر معاملة
حقل ضبط 20251123100954.0
008 - عناصر البيانات ثابتة الطول
عناصر البيانات ثابتة الطول 250721s2009 jo gr 000 0 ara d
082 14 - رقم تصنيف ديوي العشري
رقم التصنيف 211.2
رقم المادة ع ن ب
100 1# - مدخل رئيسي – اسم شخصي
الاسم الشخصي العنبتاوي، سعيد بن احمد بن علي
تواريخ خاصة بالشخص - 1419 ه،
علاقة الشخص بالعمل/ دوره مؤلف.
245 10 - بيان العنوان
العنوان زينة الأداء :
بقية العنوان شرح حلية القراء في أحكام التلاوة والتجويد على رواية حفص ربيب عاصم /
بيان المسؤولية لفضيلة الشيخ سعيد بن أحمد بن علي العنبتاوي (ت 1419 ه) ؛ شرح الفقير لربه محمد أحمد مروح مصطفى.
250 ## - بيان الطبعة
بيان الطبعة الطبعة الثانية، مزيدة ومنقحة .
264 31 - بيانات النشر، التوزيع…إلخ
مكان النشر، التوزيع...إلخ عمان :
اسم الناشر، الموزع...إلخ دار الفرقان للنشر والتوزيع،
تاريخ النشر، التوزيع...إلخ 2009.
300 ## - الوصف المادي
عدد الوحدات المكونة للوعاء 320 صفحة.
650 17 - مدخل إضافي بالموضوع - مصطلح موضوعي
مصطلح موضوعي أو اسم جغرافي كعنصر مدخل أحكام التجويد.
650 17 - مدخل إضافي بالموضوع - مصطلح موضوعي
مصطلح موضوعي أو اسم جغرافي كعنصر مدخل القرآن الكريم.
650 17 - مدخل إضافي بالموضوع - مصطلح موضوعي
مصطلح موضوعي أو اسم جغرافي كعنصر مدخل قراءات القرآن السبع.
700 1# - مدخل إضافي - اسم شخصي
الاسم الشخصي مصطفى، محمد أحمد مروح
علاقة الشخص بالعمل/ دوره شارح.
942 ## - بيانات إضافية (كوها)
نوع التنصيف Dewey Decimal Classification
نوع المادة (كوها) كتب
المقتنيات
حالة السحب حالة الفقدان مصدر التصنيف حالة التلف غير قابل للإعارة المكتبة الرئيسية المكتبة الحالية موقع الرف تاريخ التزويد الرقم المتسلسل Total Checkouts رقم الإستدعاء الباركود تاريخ آخر ظهور تاريخ الفاتورة نوع المادة (كوها)
    Dewey Decimal Classification     المكتبة المركزية المكتبة المركزية الإعارة 28/07/2025 1268082   211.2 / ع ن ب PLD00079383 28/07/2025 28/07/2025 كتب
    Dewey Decimal Classification     المكتبة المركزية المكتبة المركزية مقتنيات قسم التزويد 28/07/2025 1268083   211.2/عنب   28/07/2025 28/07/2025 كتب
    Dewey Decimal Classification     المكتبة المركزية المكتبة المركزية مقتنيات قسم التزويد 28/07/2025 1268084   211.2/عنب   28/07/2025 28/07/2025 كتب
    Dewey Decimal Classification     المكتبة المركزية المكتبة المركزية مقتنيات قسم التزويد 28/07/2025 1268085   211.2/عنب   28/07/2025 28/07/2025 كتب
    Dewey Decimal Classification     المكتبة المركزية المكتبة المركزية الإعارة 28/05/2016 1626614   211.2 / ع ن ب PLD00390293 28/07/2025 28/05/2016 كتب
Implemented & Customized by: BBB with SCIT (Smart Chains for Information Technology)

Powered by Koha